000 00700 a2200229 4500
005 20260415122350.0
008 260415b |||||||| |||| 00| 0 eng d
020 _a978-93-93592-91-0 (hbk)
037 _cTB
040 _aCRL
_cCRL
041 _2eng
_aeng
084 _aV2,4y7M89 R4
_qCRL
100 _aSharma, Atul Kr.
_91113168
245 _aHedgewar's political view, vision and mission
260 _aDelhi, India:
_bAuthor's Publishing House,
_c2024.
300 _a222p.
365 _b1699.00
_cINR
650 _aHistory
650 _aHedgewar
_91234808
942 _cTB
_2CC
_hV2,4y7M89 R4
999 _c1678494
_d1678494